000 00553cam a2200217 4500
008 090401t1996 xxu||||| |||| 00| 0 eng d
020 _a0421382406
035 _a(Sirsi) u53332
041 _aeng
050 _a346.41032
100 _aEnright, W.I.B.
245 _aProfessional indemnity insurance law.
260 _aLondon
_bSweet and Maxwell
_c1996
300 _aciii,915p. ; 24cm.
350 _a135
650 _aLIABILITY
650 _aPROFESSIONAL INDEMNITY INSURANCE
690 _aInsurance
_96249
942 _n0
948 _c04/03/1997
999 _c93253
_d93253